| 000 | 00421nam a2200145Ia 4500 | ||
|---|---|---|---|
| 999 |
_c7233 _d7233 |
||
| 020 | _a9788180696794 | ||
| 082 | _a323 SEL-H | ||
| 100 | _aSelvan, A. | ||
| 245 | 0 | _aHuman rights education: modern approaches and strategies | |
| 260 |
_aNew Delhi _bConcept Publishing _c2010 |
||
| 300 | _a280 | ||
| 504 | _aIncludes appendices, bibliography and index | ||
| 650 |
_aHuman rights _vStudy and teaching (Secondary) |
||
| 942 | _cBK | ||